Mikroelektronika a mikrosystémy Výberový zoznam z domácej a zahraničnej literatúry

Saved in:
Bibliographic Details
Format: Book
Language:Slovak
Published: Bratislava Slovenská technická knižnica 1986
Edition:1. vyd.
Tags: Add Tag
No Tags, Be the first to tag this record!

MARC

LEADER 00000nam a2200000 4500
001 c038917
005 20240823095652.4
041 0 |a slo 
044 |a SK 
245 1 0 |a Mikroelektronika a mikrosystémy  |b Výberový zoznam z domácej a zahraničnej literatúry  |c Elena Machová 
250 |a 1. vyd. 
264 1 |a Bratislava  |b Slovenská technická knižnica  |c 1986 
300 |a 104 s.